| 000 | 00683nam a22001937a 4500 | ||
|---|---|---|---|
| 005 | 20151103111236.0 | ||
| 010 | _aENG-113650 | ||
| 020 |
_a9788189430474 _c295.00 |
||
| 035 | _aEN-97182 | ||
| 037 | _bDBAD/PUB | ||
| 082 | _a133.901350922 | ||
| 100 | _aKairavi, Catherine | ||
| 245 |
_aTwo souls, four lives : _bthe lives and former lives of Paramhansa Yogananda and his disciple, Swami Kriyananda / _cby Catherine Kairavi |
||
| 260 |
_aGurgaon _bAnanda Sangha Publications _c2010 |
||
| 270 |
_bGurgaon _aB-10/8, DLF Phase- I |
||
| 300 |
_axxi,448p. _c25cm(pbk) |
||
| 500 | _aIncludes bibliographical references and index | ||
| 942 |
_2ddc _cEN _mKAI _h133.901350922 |
||
| 999 |
_c95202 _d95202 |
||